Statistics for Pokemon ranger 1 catchable pokemons

Click here to take the quiz!

General Stats

  • This quiz has been taken 19 times
  • The average score is 162 of 213

Answer Stats

Answer% Correct
Pichu
100%
Pikachu
100%
Raichu
100%
Arcanine
91%
Bayleef
91%
Bellsprout
91%
Bulbasaur
91%
Charmander
91%
Chikorita
91%
Combusken
91%
Crobat
91%
Diglett
91%
Dugtrio
91%
Electabuzz
91%
Entei
91%
Espeon
91%
Flareon
91%
Flygon
91%
Geodude
91%
Golbat
91%
Golem
91%
Graveler
91%
Groudon
91%
Grovyle
91%
Houndoom
91%
Ivysaur
91%
Jolteon
91%
Koffing
91%
Kyogre
91%
Lombre
91%
Lotad
91%
Ludicolo
91%
Magnemite
91%
Magneton
91%
Marshtomp
91%
Meganium
91%
Minun
91%
Mudkip
91%
Muk
91%
Plusle
91%
Raikou
91%
Rayquaza
91%
Sceptile
91%
Scizor
91%
Scyther
91%
Starmie
91%
Staryu
91%
Steelix
91%
Suicune
91%
Swampert
91%
Torchic
91%
Treecko
91%
Umbreon
91%
Vaporeon
91%
Victreebel
91%
Weepinbell
91%
Zubat
91%
Abra
82%
Bagon
82%
Beautifly
82%
Beldum
82%
Blastoise
82%
Blaziken
82%
Celebi
82%
Charizard
82%
Charmeleon
82%
Cyndaquil
82%
Deoxys
82%
Donphan
82%
Exploud
82%
Goldeen
82%
Grimer
82%
Horsea
82%
Kingdra
82%
Lapras
82%
Larvitar
82%
Linoone
82%
Loudred
82%
Magmar
82%
Makuhita
82%
Metagross
82%
Metang
82%
Mew
82%
Mr. Mime
82%
Murkrow
82%
Pelipper
82%
Piloswine
82%
Poliwag
82%
Poliwhirl
82%
Poliwrath
82%
Pupitar
82%
Quilava
82%
Ralts
82%
Salamence
82%
Seadra
82%
Seaking
82%
Skarmory
82%
Skitty
82%
Slaking
82%
Slakoth
82%
Snorunt
82%
Squirtle
82%
Swinub
82%
Typhlosion
82%
Tyranitar
82%
Venusaur
82%
Wartortle
82%
Wingull
82%
Zigzagoon
82%
Absol
73%
Aerodactyl
73%
Arbok
73%
Camerupt
73%
Croconaw
73%
Dodrio
73%
Doduo
73%
Dragonite
73%
Ekans
73%
Electrike
73%
Fearow
73%
Gastly
73%
Gengar
73%
Glalie
73%
Gloom
73%
Growlithe
73%
Hariyama
73%
Haunter
73%
Heracross
73%
Kirlia
73%
Magikarp
73%
Medicham
73%
Meditite
73%
Numel
73%
Nuzleaf
73%
Oddish
73%
Pinsir
73%
Raticate
73%
Rattata
73%
Regice
73%
Regirock
73%
Registeel
73%
Rhydon
73%
Seedot
73%
Sharpedo
73%
Shiftry
73%
Silcoon
73%
Slowpoke
73%
Slugma
73%
Snorlax
73%
Snubbull
73%
Spearow
73%
Swablu
73%
Swellow
73%
Taillow
73%
Tauros
73%
Vigoroth
73%
Vileplume
73%
Wurmple
73%
Altaria
64%
Beedrill
64%
Crawdaunt
64%
Drowzee
64%
Feraligatr
64%
Gardevoir
64%
Gligar
64%
Gyarados
64%
Hypno
64%
Jynx
64%
Machamp
64%
Machoke
64%
Machop
64%
Magcargo
64%
Manectric
64%
Mankey
64%
Mantine
64%
Meowth
64%
Paras
64%
Parasect
64%
Phanpy
64%
Politoed
64%
Primeape
64%
Psyduck
64%
Shelgon
64%
Sneasel
64%
Swalot
64%
Torkoal
64%
Totodile
64%
Venonat
64%
Whismur
64%
Wobbuffet
64%
Ariados
55%
Carvanha
55%
Corphish
55%
Hoppip
55%
Jigglypuff
55%
Kangaskhan
55%
Krabby
55%
Luvdisc
55%
Nincada
55%
Ninjask
55%
Octillery
55%
Remoraid
55%
Spoink
55%
Tangela
55%
Voltorb
55%
Wailmer
55%
Dusclops
45%
Porygon
45%
Shedinja
45%
Solrock
45%
Spinarak
45%
Kecleon
36%
Rapidash
36%

Score Distribution

Percentile by Number Answered

Percent of People with Each Score

Your Score History

You have not taken this quiz